000 00737cam a2200217 4500
001 ABS61694
008 000000n1999 000 0 eng u
035 _a(Sirsi) u103108
100 _aRoss, P.
245 _aAmerican dreams - pioneering office projects
260 _c1999
490 _aFlexible Working
_v 5(1), November 1999 21-24(4)
520 _aConsiders new creative working projects in American offices, which have been designed to increase creativity and offer a productive environment in which employees can excel.
590 _aABS
650 _aUNITED STATES
650 _aCREATIVE WORKSPACE
650 _aOFFICE DESIGN
650 _aWORKPLACE DESIGN
690 _aMANAGEMENT-FACILITIES MANAGEMENT
942 _n0
999 _c61960
_d61960